Online
Catalog

Qué ha dicho verdaderamente Socrates / (Record no. 21666)

MARC details
000 -CABECERA
campo de control de longitud fija 00753nam a2200217 a 4500
001 - NÚMERO DE CONTROL
campo de control 000022168
005 - FECHA Y HORA DE LA ÚLTIMA TRANSACCIÓN
campo de control 20200930011618.0
008 - DATOS DE LONGITUD FIJA--INFORMACIÓN GENERAL
campo de control de longitud fija 100917s1972 sp 000 |bspa d
040 ## - FUENTE DE LA CATALOGACIÓN
Centro catalogador/agencia de origen DO-SdBNP
Lengua de catalogación spa
Centro/agencia transcriptor BNPHU
082 ## - NÚMERO DE LA CLASIFICACIÓN DECIMAL DEWEY
Número de clasificación xxx
Número de documento/Ítem S678G
049 ## - FONDOS LOCALES (OCLC)
Fondos de biblioteca BNRG
100 1# - ENTRADA PRINCIPAL--NOMBRE DE PERSONA
Nombre de persona Giannantoni, G.
9 (RLIN) 45866
240 10 - TÍTULO UNIFORME
Título uniforme Che cosa ha veramente detto Socrates
Lenguaje de la obra español
245 10 - MENCIÓN DE TÍTULO
Título Qué ha dicho verdaderamente Socrates /
Mención de responsabilidad, etc. G. Giannantoni; traducción de Francisco Fernández.
260 ## - PUBLICACIÓN, DISTRIBUCIÓN, ETC.
Lugar de publicación, distribución, etc. Madrid :
Nombre del editor, distribuidor, etc. Doncel,
Fecha de publicación, distribución, etc. 1972.
300 ## - DESCRIPCIÓN FÍSICA
Extensión 218 p. ;
Dimensiones 18 cm.
490 ## - MENCIÓN DE SERIE
Mención de serie Qué ha dicho verdaderamente;
Designación de volumen o secuencia 15
534 ## - NOTA SOBRE LA VERSIÓN ORIGINAL
Encabezamiento principal del original Título original :
Mención de título del original Che cosa ha veramente detto Socrates
700 1# - PUNTO DE ACCESO ADICIONAL--NOMBRE DE PERSONA
Nombre de persona Fernández, Francisco
Término indicativo de función/relación tr.
9 (RLIN) 45867
834 ## -
-- Qué ha dicho verdaderamente;
-- 15
Holdings
Estado de retiro Estado de pérdida Restricciones de uso No para préstamo Código de colección Localización permanente Ubicación/localización actual Ubicación en estantería Fecha de adquisición Número de inventario Total de préstamos Signatura topográfica completa Código de barras Fecha visto por última vez Precio válido a partir de Tipo de ítem Koha Número de copia
        Monografías: Libros y Folletos General General En catalogación 17.09.2010 LF1   xxx S678G 22168-10 25.06.2020 25.06.2020 Préstamo en sala  
      Préstamo restrigido Monografías: Libros y Folletos General General En catalogación 17.03.2011 LF1   xxx S678G 22168-20 25.06.2020 25.06.2020 Préstamo en sala e. 2
        Monografías: Libros y Folletos General General En catalogación 17.03.2011 LF1   xxx S678G 22168-30 25.06.2020 25.06.2020 Préstamo en sala e. 3

Powered by Koha